[Event "Confrontation II 1989-90"]
[Site "Longueuil CAN"]
[Date "1989.11.10"]
[Round "4"]
[White "Morin, Louis"]
[Black "Lacroix, Serge"]
[Result "0-1"]
[WhiteElo "1951"]
[BlackElo "2020"]
[PlyCount "112"]
[EventDate "1989.10.20"]
[EventType "swiss"]
[EventRounds "5"]
[EventCountry "CAN"]

1. e4 e5 2. Nf3 Nc6 3. Nc3 Nf6 4. Bb5 Bb4 5. O-O O-O 6. d3 d6 7. Bg5 Bxc3 8.
bxc3 Qe7 9. Re1 Nd8 10. d4 Ne6 11. Bc1 Rd8 12. Nh4 Nf8 13. Nf5 Bxf5 14. exf5 c6
15. Bf1 h6 16. Qe2 Re8 17. dxe5 dxe5 18. a4 Rad8 19. Ba3 Qd7 20. Rad1 Qxf5 21.
Rxd8 Rxd8 22. Qxe5 Qxe5 23. Rxe5 Ng6 24. Be7 Nxe5 25. Bxd8 Nd5 26. c4 Nc3 27.
a5 Kf8 28. Bc7 f6 29. Bb8 a6 30. Bd6+ Kf7 31. Bb4 Ne4 32. f3 c5 33. Ba3 Nd2 34.
Bxc5 Nxf1 35. Kxf1 Nxc4 36. Ke2 Nxa5 37. Kd3 h5 38. Kd4 Ke6 39. Bf8 g6 40. Kc5
b5 41. Kb6 Nc4+ 42. Kxa6 Ne3 43. Kxb5 Nxc2 44. Bb4 Ne3 45. g3 Nf1 46. g4 hxg4
47. fxg4 Nxh2 48. g5 f5 49. Bd2 Nf3 50. Bc1 Kd5 51. Kb4 Ke4 52. Kc3 f4 53. Kc2
Nxg5 54. Kd1 Kf3 55. Ke1 Ne4 56. Kf1 g5 0-1

[Event "En Passant 5"]
[Site "Montreal CAN"]
[Date "1989.11.02"]
[Round "2"]
[White "Morin, Louis"]
[Black "Lacroix, Serge"]
[Result "1-0"]
[WhiteElo "1911"]
[BlackElo "1988"]
[PlyCount "141"]
[EventDate "1989.10.19"]
[EventType "tourn"]
[EventRounds "3"]
[EventCountry "CAN"]

1. e4 e5 2. Nf3 Nc6 3. Nc3 Nf6 4. Bb5 Nd4 5. Nxd4 exd4 6. e5 dxc3 7. exf6 Qxf6
8. dxc3 Qe5+ 9. Qe2 Qxe2+ 10. Bxe2 Bc5 11. Bf4 d6 12. O-O Be6 13. Rfe1 O-O-O
14. a3 h6 15. Bd3 d5 16. Be5 Bf8 17. Re3 c5 18. Rae1 c4 19. Be2 Bf5 20. Bd1 h5
21. Bd4 b6 22. Re5 Be4 23. Rxh5 Rxh5 24. Bxh5 g6 25. Bd1 Bh6 26. f3 Bf5 27. g4
Be6 28. Be2 Kd7 29. Bf6 Rc8 30. Kf2 Bd2 31. Rd1 Bf4 32. h4 Ke8 33. Bd4 Ke7 34.
Rh1 Rg8 35. Be3 Bd6 36. f4 f5 37. g5 Rh8 38. Bd4 Bc5 39. h5 Bxd4+ 40. cxd4 gxh5
41. Rxh5 Rxh5 42. Bxh5 Kf8 43. Kg3 Kg7 44. Kh4 Bd7 45. Bf3 Bc6 46. Kh5 Be8+ 47.
g6 Bxg6+ 48. Kg5 Bf7 49. c3 Be6 50. Bh5 Bd7 51. Bg6 Ba4 52. Bxf5 Kf7 53. Bg6+
Ke6 54. f5+ Ke7 55. Bh5 Bc2 56. Bf3 Kd6 57. Kf6 Be4 58. Bh5 Kd7 59. Bf7 Kd6 60.
Be6 Bd3 61. Kf7 Be2 62. Ke8 Bg4 63. Kd8 Bh5 64. Bg8 Bg4 65. f6 Be6 66. Bxe6
Kxe6 67. Kc7 Kxf6 68. Kd6 Kf5 69. Kxd5 b5 70. Kc6 a6 71. Kb6 1-0

[Event "Active 1989.09"]
[Site "Montreal CAN"]
[Date "1989.09.16"]
[Round "?"]
[White "Lacroix, Serge"]
[Black "Teuton, Frank"]
[Result "0-1"]
[WhiteElo "2000"]
[BlackElo "2107"]
[PlyCount "50"]
[EventDate "1989.09.16"]
[EventType "swiss (rapid)"]
[EventCountry "CAN"]

1. d4 Nf6 2. c4 c5 3. d5 b5 4. cxb5 a6 5. bxa6 Bxa6 6. Nc3 d6 7. e4 Bxf1 8.
Kxf1 g6 9. g3 Bg7 10. Nf3 Nbd7 11. h3 O-O 12. Kg2 Qb6 13. Re1 Rfb8 14. Re2 Ne8
15. Bg5 e6 16. dxe6 fxe6 17. e5 Nxe5 18. Nxe5 Bxe5 19. f4 Bd4 20. Rc1 Qc6+ 21.
Kh2 Nc7 22. Qe1 Qf3 23. Rcc2 d5 24. Rxe6 Rxb2 25. Rxb2 Bxc3 0-1

[Event "En Passant 4"]
[Site "Montreal CAN"]
[Date "1989.09.14"]
[Round "1"]
[White "Lacroix, Serge"]
[Black "Zalys, Ignas"]
[Result "0-1"]
[WhiteElo "1947"]
[BlackElo "1885"]
[PlyCount "128"]
[EventDate "1989.09.14"]
[EventType "swiss"]
[EventRounds "4"]
[EventCountry "CAN"]

1. d4 Nf6 2. c4 e6 3. Nc3 Bb4 4. e3 c5 5. Nge2 b6 6. a3 cxd4 7. exd4 Be7 8. d5
exd5 9. cxd5 d6 10. Nd4 O-O 11. Bd3 Bg4 12. Qc2 a6 13. O-O Ra7 14. h3 Bc8 15.
Re1 Bb7 16. Nf5 Nxd5 17. Nxe7+ Nxe7 18. Bxh7+ Kh8 19. Bg5 f6 20. Bh4 Nbc6 21.
Bd3 Ne5 22. Bf1 Qd7 23. Rad1 Nf5 24. f4 Ng6 25. Bf2 Nxf4 26. Bxb6 Raa8 27. Qf2
g5 28. Be3 Nxe3 29. Rxe3 Qc6 30. Rd4 Qc5 31. Rc4 Qb6 32. Re7 Qxf2+ 33. Kxf2 Bd5
34. Rcc7 Bg8 35. Bc4 Rfc8 36. Rxc8 Rxc8 37. Bxa6 Rb8 38. b4 d5 39. b5 Nd3+ 40.
Ke3 Nc5 41. Ra7 Ne6 42. Kd2 Nf4 43. Rb7 Re8 44. b6 d4 45. Nb5 Re2+ 46. Kc1 d3
47. Nd4 Ra2 48. Rb8 Rxa3 49. Bc4 Rc3+ 50. Kd2 Rxc4 51. b7 Rb4 52. Nc6 Rb2+ 53.
Ke3 d2 54. Rd8 Nxg2+ 55. Ke4 Rxb7 56. Rxd2 Bh7+ 57. Kf3 Nh4+ 58. Kg4 Bf5+ 59.
Kg3 Rb3+ 60. Kf2 Bxh3 61. Nd4 Ra3 62. Nb5 Rf3+ 63. Ke2 Bf1+ 64. Ke1 Bxb5 0-1

[Event "Quebec-ch semi-rapide"]
[Site "Montreal CAN"]
[Date "1989.07.30"]
[Round "4"]
[White "Teuton, Frank"]
[Black "Lacroix, Serge"]
[Result "1-0"]
[WhiteElo "2067"]
[BlackElo "1819"]
[PlyCount "50"]
[EventDate "1989.07.30"]
[EventType "swiss (rapid)"]
[EventRounds "6"]
[EventCountry "CAN"]

1. e4 e5 2. Nc3 Nf6 3. g3 d5 4. exd5 Nxd5 5. Bg2 Nxc3 6. bxc3 Bc5 7. d3 O-O 8.
Nf3 e4 9. Ng5 exd3 10. cxd3 Re8+ 11. Be4 h6 12. Qh5 Qf6 13. O-O hxg5 14. Bxg5
g6 15. Qh4 Qg7 16. Rae1 c6 17. Bxc6 Rxe1 18. Rxe1 Nxc6 19. Re8+ Bf8 20. Bf6 g5
21. Rxf8+ Kxf8 22. Bxg7+ Kxg7 23. Qxg5+ Kf8 24. d4 Bd7 25. Qh6+ Kg8 1-0

[Event "Quebec op"]
[Site "Montreal CAN"]
[Date "1989.07.22"]
[Round "1"]
[White "Grandmaison, Real"]
[Black "Lacroix, Serge"]
[Result "1-0"]
[WhiteElo "1540"]
[BlackElo "2039"]
[PlyCount "99"]
[EventDate "1989.07.22"]
[EventType "swiss"]
[EventRounds "8"]
[EventCountry "CAN"]

1. e4 e5 2. Nc3 Nf6 3. Nf3 Nc6 4. d3 d5 5. Bg5 d4 6. Ne2 h6 7. Bh4 Bb4+ 8. c3
dxc3 9. bxc3 Ba5 10. a4 g5 11. Bg3 Qe7 12. Nd2 Be6 13. f3 Rd8 14. Qc2 O-O 15.
Bf2 Bb6 16. Bxb6 axb6 17. Rd1 Qa3 18. Nb1 Qb3 19. Qxb3 Bxb3 20. Rd2 Bxa4 21. d4
Rd7 22. Kf2 Rfd8 23. Ke3 exd4+ 24. cxd4 Na5 25. Nc1 Re7 26. Kf2 Nb3 27. Nxb3
Bxb3 28. Nc3 Be6 29. d5 c6 30. d6 Red7 31. e5 Nd5 32. Ne4 Bf5 33. Ng3 Be6 34.
h4 g4 35. Ne4 Kg7 36. Bc4 f5 37. Bxd5 Bxd5 38. Nf6 Rf7 39. Nxd5 cxd5 40. Rxd5
Rfd7 41. Re1 h5 42. e6 Rxd6 43. Rxd6 Rxd6 44. e7 Rd2+ 45. Kg1 gxf3 46. gxf3 Rd4
47. e8=Q Rxh4 48. Re6 Rh3 49. Rg6+ Kh7 50. Qg8# 1-0

[Event "Quebec op"]
[Site "Montreal CAN"]
[Date "1989.07.24"]
[Round "3"]
[White "Sauve, Richard"]
[Black "Lacroix, Serge"]
[Result "1-0"]
[WhiteElo "1849"]
[BlackElo "2039"]
[PlyCount "63"]
[EventDate "1989.07.22"]
[EventType "swiss"]
[EventRounds "8"]
[EventCountry "CAN"]

1. Nf3 Nf6 2. g3 g6 3. Bg2 d5 4. O-O c5 5. d3 Nc6 6. Nbd2 e5 7. e4 d4 8. a4 Bg7
9. Nc4 Qc7 10. Nh4 O-O 11. f4 Bg4 12. Qe1 Be6 13. b3 Bxc4 14. bxc4 h6 15. Bd2
a5 16. h3 Nb4 17. Qc1 Nh5 18. Kh2 Bf6 19. f5 Bxh4 20. gxh4 Nf4 21. Rxf4 exf4
22. Bxf4 Qe7 23. Bxh6 Qxh4 24. Bg5 Qh5 25. Be7 gxf5 26. Qf4 Rfe8 27. Bf3 Qg6
28. Bxc5 Kh7 29. Rg1 Qf6 30. Bxd4 Qd8 31. Qxf5+ Kh6 32. Qh5# 1-0

[Event "Fete de l'amiante"]
[Site "Thetford Mines CAN"]
[Date "1989.07.01"]
[Round "?"]
[White "Lacroix, Serge"]
[Black "Spraggett, Grant"]
[Result "0-1"]
[WhiteElo "1950"]
[BlackElo "2300"]
[PlyCount "107"]
[EventDate "1989.06.30"]
[EventType "swiss"]
[EventRounds "5"]
[EventCountry "CAN"]

1. d4 Nf6 2. c4 g6 3. Nc3 d5 4. Nf3 Bg7 5. Qb3 dxc4 6. Qxc4 O-O 7. e4 a6 8. e5
b5 9. Qb3 Nfd7 10. Be3 Nb6 11. a3 Be6 12. Qc2 Nd5 13. Nxd5 Bxd5 14. Rc1 c6 15.
Bd3 Nd7 16. Be4 Nb6 17. Nd2 Rc8 18. f4 f5 19. Bf3 a5 20. O-O a4 21. g3 e6 22.
h4 Rf7 23. Bxd5 cxd5 24. Qd3 Nc4 25. Nxc4 dxc4 26. Qe2 Bf8 27. Rfd1 Rd7 28. h5
Qe8 29. hxg6 Qxg6 30. Kf2 Rg7 31. Qf3 b4 32. axb4 Bxb4 33. d5 exd5 34. Qxd5+
Kh8 35. Rg1 Qc6 36. Rgd1 Rg6 37. Qxc6 Rgxc6 38. Rd7 R8c7 39. Rxc7 Rxc7 40. Bd4
a3 41. bxa3 Bxa3 42. Rc2 Kg7 43. Kf3 Kf7 44. g4 Ke6 45. Bb6 Rb7 46. Be3 fxg4+
47. Kxg4 Rb3 48. Bf2 c3 49. Bd4 Bb4 50. Kf3 Kd5 51. Be3 Rb2 52. Rc1 Rh2 53. Ra1
c2 54. Bc1 0-1

[Event "Fete de l'amiante"]
[Site "Thetford Mines CAN"]
[Date "1989.07.02"]
[Round "4"]
[White "Teuton, Frank"]
[Black "Lacroix, Serge"]
[Result "1-0"]
[WhiteElo "1931"]
[BlackElo "2000"]
[PlyCount "57"]
[EventDate "1989.06.30"]
[EventType "swiss"]
[EventRounds "5"]
[EventCountry "CAN"]

1. e4 e5 2. Nc3 Nf6 3. g3 Bc5 4. Bg2 d6 5. Nge2 Nc6 6. Na4 Nd7 7. O-O h5 8.
Nxc5 Nxc5 9. d4 exd4 10. Nxd4 Ne5 11. h3 g5 12. Nf5 Bxf5 13. exf5 g4 14. f4
gxf3 15. Bxf3 Qf6 16. Bg2 O-O-O 17. Be3 Nc4 18. Bd4 Qg5 19. Bxh8 Ne3 20. Qd2
Rxh8 21. Rf3 Re8 22. Re1 Qf6 23. Rfxe3 Rxe3 24. Qxe3 c6 25. Qe8+ Kc7 26. Qe7+
Qxe7 27. Rxe7+ Kb6 28. Rxf7 Na4 29. Re7 1-0

[Event "Quebec-ch"]
[Site "Montreal CAN"]
[Date "1989.06.12"]
[Round "1"]
[White "Girard, Robin"]
[Black "Lacroix, Serge"]
[Result "1-0"]
[WhiteElo "2216"]
[BlackElo "2005"]
[PlyCount "89"]
[EventDate "1989.06.12"]
[EventType "tourn"]
[EventRounds "9"]
[EventCountry "CAN"]

1. e4 e5 2. Nf3 Nc6 3. Bb5 a6 4. Ba4 Nf6 5. O-O Be7 6. Re1 b5 7. Bb3 d6 8. c3
O-O 9. d4 Bg4 10. d5 Na5 11. Bc2 c6 12. h3 Bh5 13. dxc6 Qc7 14. Nbd2 Qxc6 15.
Nf1 Rac8 16. Ng3 Bg6 17. Nh4 Rfe8 18. Nhf5 Bf8 19. Bd3 Nb7 20. Bg5 Nd7 21. Qg4
Nbc5 22. Bc2 Ne6 23. Be3 Nf6 24. Qf3 Nc5 25. Bg5 Nfd7 26. Red1 Ne6 27. Be3 Nf6
28. Rd2 Nc5 29. Rad1 Bxf5 30. Qxf5 Ne6 31. Qf3 Red8 32. Nf5 Nc5 33. Bg5 Ncxe4
34. Bxf6 Nxf6 35. Nh6+ gxh6 36. Qxf6 Bg7 37. Qf5 d5 38. Qxh7+ Kf8 39. Be4 Qc5
40. Bxd5 Qe7 41. Qf5 Qd7 42. Be6 Qc7 43. Rxd8+ Rxd8 44. Rxd8+ Ke7 45. Rd7+ 1-0

[Event "Quebec-ch"]
[Site "Montreal CAN"]
[Date "1989.06.13"]
[Round "2"]
[White "Lacroix, Serge"]
[Black "Levtchouk, George"]
[Result "0-1"]
[WhiteElo "2005"]
[BlackElo "2317"]
[PlyCount "80"]
[EventDate "1989.06.12"]
[EventType "tourn"]
[EventRounds "9"]
[EventCountry "CAN"]

1. d4 g6 2. c4 Bg7 3. Nc3 d6 4. e4 Nf6 5. Nf3 O-O 6. Be2 e5 7. Be3 Ng4 8. Bg5
f6 9. Bh4 Nc6 10. d5 Ne7 11. O-O Kh8 12. Ne1 Nh6 13. Nd3 Nf7 14. c5 f5 15. cxd6
cxd6 16. f3 g5 17. Bf2 h5 18. h3 Ng6 19. Rc1 Bd7 20. Qb3 g4 21. exf5 Bxf5 22.
hxg4 hxg4 23. fxg4 Bxd3 24. Bxd3 Nf4 25. Bb1 Qf6 26. Ne4 Ne2+ 27. Kh1 Qh6+ 28.
Qh3 Nxc1 29. Rxc1 Rac8 30. Re1 Qxh3+ 31. gxh3 Ng5 32. Nxd6 Rxf2 33. Ne4 Nxe4
34. Bxe4 Rxb2 35. d6 Rd8 36. Rc1 Bf6 37. Bf5 Rxd6 38. Rc8+ Kg7 39. Rc7+ Kh6 40.
h4 Rd1# 0-1

[Event "Quebec-ch"]
[Site "Montreal CAN"]
[Date "1989.06.14"]
[Round "3"]
[White "Barbeau, Sylvain"]
[Black "Lacroix, Serge"]
[Result "0-1"]
[WhiteElo "2367"]
[BlackElo "2005"]
[PlyCount "66"]
[EventDate "1989.06.12"]
[EventType "tourn"]
[EventRounds "9"]
[EventCountry "CAN"]

1. d4 Nf6 2. Nf3 g6 3. Bg5 Ne4 4. Bh4 d5 5. Nbd2 Nxd2 6. Qxd2 Bg7 7. c3 c5 8.
dxc5 Na6 9. Rd1 Nxc5 10. Qxd5 Qxd5 11. Rxd5 Na4 12. e3 a6 13. Nd4 Nxb2 14. Ra5
Bd7 15. Be2 Rc8 16. O-O Nc4 17. Bxc4 Rxc4 18. Rb1 Rxc3 19. h3 e5 20. Nf3 Bb5
21. Rd1 O-O 22. Rd6 Rc1+ 23. Kh2 e4 24. Nd2 Be5+ 25. Bg3 Bxd6 26. Bxd6 Rd8 27.
Nxe4 f5 28. Be7 Rdd1 29. Nd6 Rc7 30. Nxb5 Rxe7 31. Nc3 Rd2 32. Nd5 Re6 33. Kg3
b6 0-1

[Event "Quebec-ch"]
[Site "Montreal CAN"]
[Date "1989.06.15"]
[Round "4"]
[White "Lacroix, Serge"]
[Black "Berube, Richard"]
[Result "0-1"]
[WhiteElo "2005"]
[BlackElo "2142"]
[PlyCount "74"]
[EventDate "1989.06.12"]
[EventType "tourn"]
[EventRounds "9"]
[EventCountry "CAN"]

1. d4 Nf6 2. c4 g6 3. Nc3 Bg7 4. e4 O-O 5. Nf3 d6 6. Be2 e5 7. Be3 h6 8. h3 Nc6
9. d5 Ne7 10. g4 Ne8 11. Qd2 Kh7 12. g5 h5 13. O-O-O a6 14. Kb1 Bd7 15. Ne1 Qb8
16. Nc2 b5 17. cxb5 axb5 18. Nb4 f5 19. gxf6 Nxf6 20. Rdg1 Rc8 21. f3 Be8 22.
Rg3 Ra5 23. Rhg1 Bf7 24. Bd3 c5 25. dxc6 Nxc6 26. Nbd5 b4 27. Nxf6+ Bxf6 28.
Nd5 Bg7 29. b3 Rg8 30. Qg2 Bh8 31. Bc4 Qb7 32. Bg5 Nd4 33. Ne7 Bxc4 34. Nxg8
Bd3+ 35. Kb2 Rxa2+ 36. Kxa2 Qa6+ 37. Kb2 Qa3# 0-1

[Event "Quebec-ch"]
[Site "Montreal CAN"]
[Date "1989.06.16"]
[Round "5"]
[White "Roy, Alain"]
[Black "Lacroix, Serge"]
[Result "1-0"]
[WhiteElo "2112"]
[BlackElo "2005"]
[PlyCount "59"]
[EventDate "1989.06.12"]
[EventType "tourn"]
[EventRounds "9"]
[EventCountry "CAN"]

1. c4 Nf6 2. Nc3 g6 3. e4 c5 4. g3 Nc6 5. Bg2 Bg7 6. Nge2 d6 7. O-O Bg4 8. h3
Be6 9. d3 a6 10. Nf4 Bd7 11. Be3 Rb8 12. Qd2 Nd4 13. Nce2 e5 14. Bxd4 cxd4 15.
Nd5 Nxd5 16. cxd5 f5 17. a4 h5 18. Qb4 Ke7 19. f4 fxe4 20. fxe5 Bxe5 21. Nf4
Rh6 22. Bxe4 Qg8 23. Rae1 g5 24. Ng6+ Ke8 25. Nxe5 dxe5 26. Bg2 Qg7 27. Rxe5+
Kd8 28. Rf8+ Kc7 29. Qc5+ Rc6 30. d6# 1-0

[Event "Quebec-ch"]
[Site "Montreal CAN"]
[Date "1989.06.20"]
[Round "7"]
[White "Lacroix, Serge"]
[Black "Leveille, Francois"]
[Result "0-1"]
[WhiteElo "2005"]
[BlackElo "2262"]
[PlyCount "52"]
[EventDate "1989.06.12"]
[EventType "tourn"]
[EventRounds "9"]
[EventCountry "CAN"]

1. d4 Nf6 2. c4 g6 3. Nc3 d5 4. Nf3 Bg7 5. Qb3 dxc4 6. Qxc4 O-O 7. e4 Na6 8. d5
e6 9. dxe6 Bxe6 10. Qb5 c6 11. Qxb7 Nc5 12. Qb4 Qe7 13. Qa3 Rfe8 14. e5 Bg4 15.
Be3 Nfd7 16. Be2 Bxf3 17. gxf3 Qxe5 18. Rd1 a5 19. f4 Qf5 20. Rg1 Bf8 21. Rg5
Qh3 22. Bg4 Qxh2 23. Bxd7 Nxd7 24. Rxd7 Bxa3 25. bxa3 Qxf4 26. Ne2 Rxe3 0-1

[Event "Quebec-ch"]
[Site "Montreal CAN"]
[Date "1989.06.21"]
[Round "8"]
[White "Fraser, Michel"]
[Black "Lacroix, Serge"]
[Result "1-0"]
[WhiteElo "2102"]
[BlackElo "2005"]
[PlyCount "119"]
[EventDate "1989.06.12"]
[EventType "tourn"]
[EventRounds "9"]
[EventCountry "CAN"]

1. d4 Nf6 2. Nf3 g6 3. Bf4 Bg7 4. e3 O-O 5. h3 d6 6. Bc4 Nbd7 7. a4 a5 8. c3
Qe8 9. O-O e5 10. dxe5 dxe5 11. Bh2 Qe7 12. Nbd2 b6 13. Qc2 Bb7 14. Rfd1 Rad8
15. Bg3 Kh8 16. Bh4 h6 17. Be2 Nc5 18. b4 axb4 19. cxb4 Na6 20. b5 Nc5 21. a5
g5 22. Bg3 Nfe4 23. Bh2 Nxd2 24. Nxd2 f5 25. axb6 cxb6 26. Nc4 Rxd1+ 27. Rxd1
Be4 28. Qb2 f4 29. f3 Bb7 30. e4 Rd8 31. Ra1 Nd3 32. Bxd3 Rxd3 33. Kh1 Qc5 34.
Rc1 h5 35. Bg1 Qe7 36. Qc2 Rd8 37. Bxb6 Rc8 38. Bf2 g4 39. Qd3 gxh3 40. gxh3
Bf6 41. Kh2 Rd8 42. Qa3 Qe6 43. Nb6 Rd2 44. Qf8+ Kh7 45. Rc7+ Kg6 46. Kg1 Rxf2
47. Kxf2 Bh4+ 48. Ke2 Qa2+ 49. Kd3 Qb1+ 50. Rc2 Qxb5+ 51. Nc4 Qb3+ 52. Kd2 Bf6
53. Qg8+ Kh6 54. Qe6 Qb4+ 55. Kc1 Qe1+ 56. Kb2 Qb4+ 57. Ka2 Qf8 58. Nxe5 Qg7
59. Nd7 Kg5 60. Rg2+ 1-0

[Event "Quebec-ch"]
[Site "Montreal CAN"]
[Date "1989.06.23"]
[Round "9"]
[White "Lacroix, Serge"]
[Black "Spraggett, Grant"]
[Result "0-1"]
[WhiteElo "2005"]
[BlackElo "2290"]
[PlyCount "42"]
[EventDate "1989.06.12"]
[EventType "tourn"]
[EventRounds "9"]
[EventCountry "CAN"]

1. d4 Nf6 2. c4 d6 3. Nc3 Bf5 4. Bg5 Nbd7 5. Nf3 h6 6. Bh4 c6 7. e3 Qc7 8. Bd3
Bxd3 9. Qxd3 e5 10. O-O Be7 11. b4 O-O 12. a3 Rfe8 13. e4 Bf8 14. d5 Nh5 15.
Rfd1 Nf4 16. Qd2 cxd5 17. cxd5 Qxc3 18. Qa2 Rac8 19. Ne1 Qc4 20. f3 Ne2+ 21.
Kh1 Qxa2 0-1

[Event "En Passant 3"]
[Site "Montreal CAN"]
[Date "1989.06.08"]
[Round "2"]
[White "Lacroix, Serge"]
[Black "Zalys, Ignas"]
[Result "1-0"]
[WhiteElo "1975"]
[BlackElo "1925"]
[PlyCount "77"]
[EventDate "1989.05.25"]
[EventType "swiss"]
[EventRounds "4"]
[EventCountry "CAN"]

1. d4 Nf6 2. c4 e6 3. Nc3 Bb4 4. Bg5 h6 5. Bh4 c5 6. e3 Nc6 7. Nf3 Qa5 8. Qc2
cxd4 9. Nxd4 Nxd4 10. exd4 Ne4 11. Rc1 Nxc3 12. bxc3 Bd6 13. c5 Bf4 14. Rb1 O-O
15. Be2 d6 16. Be7 Re8 17. cxd6 Bd7 18. O-O Bc6 19. Qd3 Bg5 20. Bxg5 Qxg5 21.
Bf3 Red8 22. Bxc6 bxc6 23. Rb7 a5 24. Qf3 Rxd6 25. Qxf7+ Kh7 26. Rfb1 Rad8 27.
h4 Qg4 28. Re1 c5 29. Re3 Qg6 30. Qxg6+ Kxg6 31. dxc5 Rc6 32. Rg3+ Kf5 33.
Rbxg7 Rxc5 34. Rf7+ Ke5 35. Re3+ Kd6 36. Rf6 Re5 37. Rxe5 Kxe5 38. Rxh6 a4 39.
Kf1 1-0

[Event "En Passant 3"]
[Site "Montreal CAN"]
[Date "1989.06.07"]
[Round "2"]
[White "Morin, Louis"]
[Black "Lacroix, Serge"]
[Result "1/2-1/2"]
[WhiteElo "1980"]
[BlackElo "2042"]
[PlyCount "104"]
[EventDate "1989.05.25"]
[EventType "swiss"]
[EventRounds "4"]
[EventCountry "CAN"]

1. e4 e5 2. Nf3 Nc6 3. Nc3 Nf6 4. Bb5 Nd4 5. Nxd4 exd4 6. e5 dxc3 7. exf6 Qxf6
8. dxc3 c6 9. Bd3 d5 10. O-O Bc5 11. Qh5 h6 12. Be3 g6 13. Rae1 Bxe3 14. Rxe3+
Be6 15. Qe5 Qxe5 16. Rxe5 Kd7 17. Rfe1 Rae8 18. a3 f6 19. R5e3 Bf7 20. Rxe8
Rxe8 21. Rxe8 Bxe8 22. Kf1 c5 23. Bb5+ Ke7 24. Bxe8 Kxe8 25. Ke2 Kd7 26. Kd3 b5
27. b3 Kd6 28. Ke3 Ke5 29. Kd3 h5 30. c4 dxc4+ 31. bxc4 b4 32. a4 g5 33. Ke3 f5
34. Kd3 h4 35. Ke3 g4 36. f4+ Kd6 37. Kd2 Kc6 38. Kc1 Kb6 39. Kb2 Ka5 40. Kb3
a6 41. Kb2 Kxa4 42. Ka2 Ka5 43. Kb3 Kb6 44. Ka4 Ka7 45. Kb3 Kb7 46. Ka2 Kb6 47.
Kb2 g3 48. h3 a5 49. Kb3 a4+ 50. Kxa4 Ka6 51. Kb3 Ka5 52. Kb2 Ka4 1/2-1/2

[Event "Quebec-ch Amateur"]
[Site "Montreal CAN"]
[Date "1989.05.20"]
[Round "2"]
[White "Teuton, Frank"]
[Black "Lacroix, Serge"]
[Result "1-0"]
[WhiteElo "1864"]
[BlackElo "2092"]
[PlyCount "61"]
[EventDate "1989.05.19"]
[EventType "swiss"]
[EventRounds "5"]
[EventCountry "CAN"]

1. e4 e5 2. Nc3 Nf6 3. g3 d5 4. exd5 Nxd5 5. Bg2 Be6 6. Nf3 Nc6 7. d3 Bb4 8.
Bd2 Nxc3 9. bxc3 Be7 10. O-O O-O 11. Re1 Bf6 12. Rb1 Rb8 13. c4 Re8 14. Bc3 Bg4
15. h3 Bh5 16. Rb5 Bxf3 17. Bxf3 Qd7 18. Bg2 a6 19. Rd5 Qc8 20. f4 Ne7 21. fxe5
Nxd5 22. cxd5 Be7 23. Qh5 g6 24. Qf3 Bf8 25. e6 f5 26. g4 c6 27. gxf5 cxd5 28.
Be5 Bb4 29. Rf1 gxf5 30. Qg3+ Kf8 31. Qg7# 1-0

[Event "Quebec-ch Amateur"]
[Site "Montreal CAN"]
[Date "1989.05.21"]
[Round "5"]
[White "Lacroix, Serge"]
[Black "Morin, Louis"]
[Result "0-1"]
[WhiteElo "2072"]
[BlackElo "1980"]
[PlyCount "78"]
[EventDate "1989.05.19"]
[EventType "swiss"]
[EventRounds "5"]
[EventCountry "CAN"]

1. d4 d5 2. c4 e6 3. Nc3 c5 4. cxd5 exd5 5. Nf3 Nc6 6. g3 Nf6 7. Bg5 Be7 8. Bg2
O-O 9. O-O Be6 10. Rc1 Rc8 11. dxc5 d4 12. Bxf6 Bxf6 13. Ne4 Be7 14. Qa4 Qd5
15. Nd6 Bxd6 16. cxd6 Qxd6 17. Rfd1 Rfd8 18. Rd2 Bg4 19. Rcd1 Qf6 20. Nxd4 Nxd4
21. Rxd4 Rxd4 22. Qxd4 Bxe2 23. Qd7 Rf8 24. Rd2 Ba6 25. h4 Qe6 26. Bxb7 Bxb7
27. Qxe6 fxe6 28. b4 Bd5 29. a4 Rc8 30. f4 Rc4 31. Rb2 Rc3 32. Kf2 Rf3+ 33. Ke2
Rxg3 34. Rb1 Rb3 35. Rc1 Rxb4 36. Rc8+ Kf7 37. a5 Rxf4 38. Rc7+ Kf6 39. Rxa7
Rxh4 0-1

[Event "Longueuil CC-ch"]
[Site "Longueuil CAN"]
[Date "1989.04.21"]
[Round "1"]
[White "Lacroix, Serge"]
[Black "Charest, Johanne"]
[Result "1-0"]
[WhiteElo "1980"]
[BlackElo "1630"]
[PlyCount "25"]
[EventDate "1989.04.21"]
[EventType "swiss"]
[EventRounds "6"]
[EventCountry "CAN"]

1. d4 d5 2. c4 c6 3. Nf3 Nf6 4. Nc3 Bf5 5. Qb3 b6 6. Bf4 e6 7. cxd5 cxd5 8. Nb5
e5 9. Bxe5 Be7 10. Nc7+ Kf8 11. Nxa8 Na6 12. e4 dxe4 13. Bxa6 1-0

[Event "En Passant 2"]
[Site "Montreal CAN"]
[Date "1989.05.05"]
[Round "5"]
[White "Morin, Louis"]
[Black "Lacroix, Serge"]
[Result "1/2-1/2"]
[WhiteElo "1878"]
[BlackElo "2020"]
[PlyCount "119"]
[EventDate "1989.04.06"]
[EventType "tourn"]
[EventRounds "5"]
[EventCountry "CAN"]

1. e4 e5 2. Nf3 Nc6 3. Bb5 a6 4. Bxc6 dxc6 5. O-O f6 6. d4 exd4 7. Nxd4 c5 8.
Nb3 Qxd1 9. Rxd1 Bd6 10. Be3 b6 11. N1d2 Be6 12. f4 Ne7 13. Nf3 Nc6 14. c3 O-O
15. Nc1 Rfe8 16. Nd3 c4 17. Nf2 Bf5 18. Nd2 Be6 19. Nf3 Bf5 20. Nd2 b5 21. Re1
Bg6 22. a4 Bf7 23. axb5 axb5 24. g3 Na5 25. Ra2 Nb3 26. Rxa8 Rxa8 27. Nxb3 cxb3
28. Nd3 Bc4 29. Rd1 Ra2 30. Bc1 Ra1 31. Nf2 Bc5 32. Be3 Rxd1+ 33. Nxd1 Bd6 34.
Kf2 Kf7 35. Kf3 h5 36. h3 Bf1 37. Nf2 b4 38. Bd2 g5 39. cxb4 c5 40. bxc5 Bxc5
41. fxg5 Bd4 42. Bc1 fxg5 43. g4 h4 44. Bxg5 Bxb2 45. Bxh4 Bd4 46. Nd1 Bxh3 47.
Be1 Ke6 48. Bc3 Ke5 49. Bxd4+ Kxd4 50. e5 Kxe5 51. Ke3 Bxg4 52. Nb2 Bf5 53. Kd2
Kd4 54. Kc1 Kc5 55. Nd1 Bg4 56. Nc3 Kb4 57. Kb2 Bf3 58. Nb1 Bd1 59. Nd2 Bc2 60.
Nxb3 1/2-1/2

[Event "Confrontation V 1988-89"]
[Site "Longueuil CAN"]
[Date "1989.03.24"]
[Round "4"]
[White "Lacroix, Serge"]
[Black "Morin, Louis"]
[Result "1-0"]
[WhiteElo "2006"]
[BlackElo "1940"]
[PlyCount "77"]
[EventDate "1989.03.03"]
[EventType "swiss"]
[EventRounds "5"]
[EventCountry "CAN"]

1. d4 d5 2. c4 e6 3. Nc3 c5 4. cxd5 exd5 5. Nf3 Nc6 6. g3 Nf6 7. Bg2 Be7 8. O-O
O-O 9. Bg5 Be6 10. Rc1 Ne4 11. Bxe7 Qxe7 12. dxc5 Rfd8 13. Nd4 Nxc5 14. Nxc6
bxc6 15. Qd4 Rac8 16. Rfd1 Bf5 17. e3 f6 18. Na4 Ne6 19. Qc3 Ng5 20. Nc5 Bg4
21. Rd4 Bf3 22. h4 Ne4 23. Nxe4 Bxe4 24. Bxe4 dxe4 25. Qc4+ Qf7 26. Qxf7+ Kxf7
27. Rxe4 Rd2 28. Rb4 Rc7 29. Kf1 h5 30. Ke1 Rcd7 31. Rxc6 Rd1+ 32. Ke2 R7d2+
33. Kf3 Rf1 34. Rb7+ Kg6 35. Rcc7 f5 36. Rxg7+ Kf6 37. Rgf7+ Kg6 38. Kf4 Rfxf2+
39. Ke5 1-0

[Event "En Passant 1"]
[Site "Montreal CAN"]
[Date "1989.03.09"]
[Round "2"]
[White "Morin, Louis"]
[Black "Lacroix, Serge"]
[Result "0-1"]
[WhiteElo "1980"]
[BlackElo "2010"]
[PlyCount "120"]
[EventDate "1989.03.02"]
[EventType "tourn"]
[EventRounds "5"]
[EventCountry "CAN"]

1. e4 e5 2. Nf3 Nc6 3. Nc3 Nf6 4. Bb5 Nd4 5. Nxe5 Qe7 6. f4 Nxb5 7. Nxb5 d6 8.
Nf3 c6 9. Nc3 Nxe4 10. O-O Nxc3 11. dxc3 Qc7 12. Re1+ Be7 13. Qe2 Bg4 14. f5
Bxf3 15. Qxf3 O-O 16. Be3 Bf6 17. Bd4 Bxd4+ 18. cxd4 Qb6 19. c3 Qxb2 20. f6
Rfe8 21. Qg3 g6 22. h3 h5 23. Rxe8+ Rxe8 24. Re1 Rxe1+ 25. Qxe1 Kh7 26. Kh2
Qxa2 27. Qe7 Qe6 28. Qxb7 Qxf6 29. Qxc6 Qf4+ 30. Kg1 g5 31. Qa6 g4 32. Qxa7 g3
33. Qa1 Qe3+ 34. Kh1 d5 35. Qb1+ Kg7 36. Qa1 Qd3 37. Qe1 h4 38. Qe5+ f6 39.
Qe7+ Kg6 40. Qe8+ Kf5 41. Qe1 Qe4 42. Qf1+ Qf4 43. Qd3+ Qe4 44. Qf1+ Kg5 45.
Qc1+ Qf4 46. Qe1 Qe4 47. Qc1+ Kg6 48. Kg1 f5 49. Kf1 f4 50. Qd1 Kf6 51. Qd2
Qb1+ 52. Ke2 Kf5 53. Qe1 Qc2+ 54. Kf1 Qd3+ 55. Kg1 Qe4 56. Qd1 Qe3+ 57. Kh1 f3
58. Qb1+ Qe4 59. Qf1 f2 60. c4 Qe1 0-1